00498nam a2200193 a 4500001001300000003000900013005001700022008004100039020001000080082001700090100002700107245003500134260003800169300000900207500003500216505001000251650001600261700002700277nice12345678IN_TiNIC20260116011408.0050524s1965 dela grp 000 0 urd  ac10000a297.64bFAR1 aFariq, Khursheed Ahmed aHazrat Umar Ke Sarkari Khutoot aDelhibNadwatul Musannifeenc1965 a431p aincludes index and biblioraphy2 aindex aUmar Farooq1 aFariq, Khursheed Ahmed